Komparácia možností financovania majetku podniku z externých zdrojov

V súčasnosti je podnikateľským subjektom ponúkaná široká škála foriem financovania podnikových potrieb, či už zo strany bánk pomocou rôznych úverov, alebo iných finančných inštitúcií, ktoré ponúkajú alternatívne formy financovania. K externým zdrojom financovania majetku podniku patrí aj pomoc zo...

Celý popis

Uložené v:
Podrobná bibliografia
Hlavný autor: Balážová, Emília
Médium: Kapitola
Jazyk:Slovak
Predmet:
Tagy: Pridať tag
Žiadne tagy, Buďte prvý, kto otaguje tento záznam!

MARC

LEADER 00000nla a2200000 4500
001 0236739
005 20240417075127.4
041 0 |a slo 
044 |a CZ 
245 1 0 |a Komparácia možností financovania majetku podniku z externých zdrojov  |c Emília Balážová 
520 |a V súčasnosti je podnikateľským subjektom ponúkaná široká škála foriem financovania podnikových potrieb, či už zo strany bánk pomocou rôznych úverov, alebo iných finančných inštitúcií, ktoré ponúkajú alternatívne formy financovania. K externým zdrojom financovania majetku podniku patrí aj pomoc zo strany štátu, Európskej únie a to formou rôznych dotácií a príspevkov. V článku sú porovnávané vybrané možnosti financovania majetku z externých zdrojov. Komparácia úverových produktov. Prehľad bankových produktov z iniciatívy JEREMIE. Pri rozhodovaní o výbere alternatívy financovania boli východiskovými zdrojmi vypočítané hodnoty finančných ukazovateľov (rentability, ikvidity, zadlženosti a aktivity, Quick testu), taktiež výsledky v zmysle pravidla finančnej páky, ďalej výsledky z hodnotenia rentability zdrojov ROE a ROA. 
610 2 0 |a financovanie podnikov 
610 2 0 |a zdroje finančné cudzie 
610 2 0 |a úver bankový 
610 2 0 |a dotácie 
610 2 0 |a analýza finančná 
610 2 0 |a rozhodovanie manažérske 
100 1 |a Balážová, Emília